| 000 | 00661nam a2200205 i 4500 | ||
|---|---|---|---|
| 001 | 137150 | ||
| 003 | ES-MaACL | ||
| 005 | 20230906195324.0 | ||
| 007 | t| | ||
| 008 | 070214s1919 sp |||| | spa d | ||
| 100 | 1 |
_aSalaverría, José María, _d1873-1940 _9101790 |
|
| 245 | 1 | 0 |
_aEn la vorágine _b; Doctrina aristocrática ; El hervor multitudinario ; Conjeturas / _cJosé María Salaverría. |
| 260 |
_aMadrid : _bRafael Caro Raggio, _c1919. |
||
| 300 |
_a222 p. ; _c19 x 12 cm. |
||
| 740 | 0 | 2 | _aDoctrina aristocrática. |
| 740 | 3 | 2 | _aEl hervor multitudinario. |
| 740 | 0 | 2 | _aConjeturas. |
| 852 |
_aES-MaACL _jF-10112 |
||
| 999 |
_c137150 _d137150 |
||